An introduction to number theory (Record no. 63)

MARC details
000 -LEADER
fixed length control field 00508 a2200193 4500
001 - CONTROL NUMBER
control field 002283
003 - CONTROL NUMBER IDENTIFIER
control field OSt
005 - DATE AND TIME OF LATEST TRANSACTION
control field 20220112155046.0
008 - FIXED-LENGTH DATA ELEMENTS--GENERAL INFORMATION
fixed length control field
020 ## - INTERNATIONAL STANDARD BOOK NUMBER
International Standard Book Number 9788181288035
082 ## - DEWEY DECIMAL CLASSIFICATION NUMBER
Classification number 512.7
Item number E25I
100 1# - MAIN ENTRY--PERSONAL NAME
Personal name Ward, Thomas
245 1# - TITLE STATEMENT
Title An introduction to number theory
Statement of responsibility, etc by Thomas Ward and Graham Everest
260 ## - PUBLICATION, DISTRIBUTION, ETC. (IMPRINT)
Place of publication, distribution, etc New York
Name of publisher, distributor, etc Springer
Date of publication, distribution, etc 2008
300 ## - PHYSICAL DESCRIPTION
Extent 294p.
653 ## - INDEX TERM--UNCONTROLLED
Uncontrolled term Number theory; Algebra; Mathematics
700 ## - ADDED ENTRY--PERSONAL NAME
Personal name Everest, Graham
942 ## - ADDED ENTRY ELEMENTS (KOHA)
Source of classification or shelving scheme Dewey Decimal Classification
Koha item type Books
Holdings
Withdrawn status Lost status Source of classification or shelving scheme Damaged status Not for loan Collection code Home library Current library Date acquired Source of acquisition Cost, normal purchase price Full call number Barcode Date last seen Price effective from Koha item type
    Dewey Decimal Classification     General Text Book Central University Of Rajasthan Central University Of Rajasthan 28/09/2010 MTH 595.00 512.7 E25I 2472 21/11/2024 02/09/2020 Books
    Dewey Decimal Classification     General Text Book Central University Of Rajasthan Central University Of Rajasthan 28/09/2010 MTH 595.00 512.7 E25I 2275 21/11/2024 02/09/2020 Books